<?xml version="1.0" encoding="UTF-8"?>
<record
    xmlns:xsi="http://www.w3.org/2001/XMLSchema-instance"
    xsi:schemaLocation="http://www.loc.gov/MARC21/slim http://www.loc.gov/standards/marcxml/schema/MARC21slim.xsd"
    xmlns="http://www.loc.gov/MARC21/slim">

  <leader>01882cam a22002658i 4500</leader>
  <controlfield tag="001">23167873</controlfield>
  <controlfield tag="005">20250327160707.0</controlfield>
  <controlfield tag="008">230602s2024    enk      b    001 0 eng  </controlfield>
  <datafield tag="010" ind1=" " ind2=" ">
    <subfield code="a">  2023025715</subfield>
  </datafield>
  <datafield tag="020" ind1=" " ind2=" ">
    <subfield code="a">9781009256605</subfield>
    <subfield code="q">(hardback)</subfield>
  </datafield>
  <datafield tag="040" ind1=" " ind2=" ">
    <subfield code="a">DLC</subfield>
    <subfield code="b">eng</subfield>
    <subfield code="e">rda</subfield>
    <subfield code="c">DLC</subfield>
    <subfield code="d">DLC</subfield>
  </datafield>
  <datafield tag="042" ind1=" " ind2=" ">
    <subfield code="a">pcc</subfield>
  </datafield>
  <datafield tag="050" ind1="0" ind2="0">
    <subfield code="a">BJ1499.S65</subfield>
    <subfield code="b">W45 2024</subfield>
  </datafield>
  <datafield tag="100" ind1=" " ind2=" ">
    <subfield code="a">Weinstein, Netta,</subfield>
    <subfield code="e">author.</subfield>
    <subfield code="9">24838</subfield>
  </datafield>
  <datafield tag="245" ind1="1" ind2="0">
    <subfield code="a">Solitude </subfield>
    <subfield code="b">: the science and power of being alone </subfield>
    <subfield code="c">/ Netta Weinstein, Heather Hansen, Thuy-vy T. Nguyen.</subfield>
  </datafield>
  <datafield tag="264" ind1=" " ind2="1">
    <subfield code="a">Cambridge, United Kingdom ;</subfield>
    <subfield code="a">New York, NY, USA :</subfield>
    <subfield code="b">Cambridge University Press,</subfield>
    <subfield code="c">2024.</subfield>
  </datafield>
  <datafield tag="300" ind1=" " ind2=" ">
    <subfield code="a">viii, 284 pages ; 24 cm</subfield>
  </datafield>
  <datafield tag="504" ind1=" " ind2=" ">
    <subfield code="a">Includes bibliographical references and index.</subfield>
  </datafield>
  <datafield tag="505" ind1=" " ind2=" ">
    <subfield code="a">Solitude is not just for hermits, poets, and billionaires &#x2014; Everyday solitude for everyday people &#x2014; What makes solitude great? &#x2014; Mapping the benefits of solitude &#x2014; What's choice got to do with it? &#x2014; Balancing solitude with social time &#x2014; Super/Natural solitude &#x2014; Finding your happy place in solitude &#x2014; Can we get better at being alone? &#x2014; Solitude across a lifetime</subfield>
  </datafield>
  <datafield tag="520" ind1=" " ind2=" ">
    <subfield code="a">The average adult spends almost a third of their waking life alone&#x2014;so how can we embrace solitude rather than shy away from it? Whether we enjoy our own company or try to avoid being alone, we can learn to make better use of that time. Research shows that solitude isn&#x2019;t just about isolation; it can be a valuable space for rest, reflection, and personal growth. This book translates key findings into practical insights, showing how alone time can boost well-being, creativity, problem-solving, and emotional balance. By understanding how to make the most of solitude, we can use it to become our best selves.</subfield>
  </datafield>
  <datafield tag="650" ind1=" " ind2="0">
    <subfield code="a">Solitude</subfield>
    <subfield code="9">22898</subfield>
  </datafield>
  <datafield tag="700" ind1=" " ind2=" ">
    <subfield code="a">Hansen, Heather,</subfield>
    <subfield code="e">author.</subfield>
    <subfield code="9">24839</subfield>
  </datafield>
  <datafield tag="700" ind1=" " ind2=" ">
    <subfield code="a">Nguyen, Thuy-vy T.,</subfield>
    <subfield code="d">1986-</subfield>
    <subfield code="e">author.</subfield>
  </datafield>
  <datafield tag="942" ind1=" " ind2=" ">
    <subfield code="2">lcc</subfield>
  </datafield>
  <datafield tag="952" ind1=" " ind2=" ">
    <subfield code="0">0</subfield>
    <subfield code="1">0</subfield>
    <subfield code="2">lcc</subfield>
    <subfield code="4">0</subfield>
    <subfield code="7">0</subfield>
    <subfield code="a">TBS</subfield>
    <subfield code="b">TBS</subfield>
    <subfield code="d">2025-03-10</subfield>
    <subfield code="l">2</subfield>
    <subfield code="o">BJ1499 WEI</subfield>
    <subfield code="p">B05921</subfield>
    <subfield code="r">2026-05-08</subfield>
    <subfield code="s">2026-05-08</subfield>
    <subfield code="t">1</subfield>
    <subfield code="w">2025-03-10</subfield>
    <subfield code="y">1</subfield>
    <subfield code="z">WELL COLLECTION</subfield>
  </datafield>
  <datafield tag="999" ind1=" " ind2=" ">
    <subfield code="c">4514</subfield>
    <subfield code="d">4514</subfield>
  </datafield>
</record>
